Countries with Women World Leaders - Statistics

General Stats
  • This quiz has been taken 14 times
    2 since last reset
  • The average score is 55 of 90
Answer Stats
Number Reigon Country % Correct
2 South America Argentina
100%
1 Oceania Australia
100%
2 Asia Bangladesh
100%
2 North America Barbados
100%
1 Europe Belgium
100%
1 South America Brazil
100%
1 South America Chile
100%
1 Asia China
100%
2 Europe Denmark
100%
2 Europe Estonia
100%
4 Europe Finland
100%
2 Europe France
100%
1 North America Honduras
100%
5 Europe Iceland
100%
3 Asia India
100%
3 Europe Ireland
100%
1 Europe Italy
100%
1 Asia Japan
100%
2 Europe Kosovo
100%
3 Europe Latvia
100%
4 Europe Lithuania
100%
1 North America Mexico
100%
3 Europe Moldova
100%
1 Asia Myanmar
100%
1 Asia Nepal
100%
3 Oceania New Zealand
100%
2 Europe Norway
100%
1 South America Peru
100%
1 Europe Romania
100%
1 Oceania Samoa
100%
1 Europe Serbia
100%
1 Asia South Korea
100%
1 Europe Sweden
100%
1 Asia Taiwan
100%
2 Asia Thailand
100%
3 North America Trinidad and Tobago
100%
3 Europe UK
100%
2 Europe Ukraine
100%
1 Europe Austria
50%
2 South America Bolivia
50%
1 Europe Bosnia and Herzegovina
50%
1 Europe Bulgaria
50%
1 North America Canada
50%
1 North America Costa Rica
50%
2 Europe Croatia
50%
2 North America Dominica
50%
1 South America Ecuador
50%
1 Asia Georgia
50%
1 Europe Germany
50%
1 Europe Greece
50%
1 South America Guyana
50%
3 North America Haiti
50%
1 Asia Indonesia
50%
1 Asia Israel
50%
1 North America Jamaica
50%
1 Asia Kyrgyzstan
50%
1 Europe Liechtenstein
50%
3 Europe Malta
50%
1 Oceania Marshall islands
50%
1 North America Nicaragua
50%
1 Europe North Macedonia
50%
1 North America Panama
50%
2 Asia Philippines
50%
3 Europe Poland
50%
1 Europe Portugal
50%
1 Asia Singapore
50%
2 Europe Slovakia
50%
2 Europe Slovenia
50%
2 Asia Sri Lanka
50%
1 South America Suriname
50%
1 Africa Tanzania
50%
1 Asia Turkey
50%
1 Africa burundi
0%
2 Africa Central African Republic
0%
1 Africa DR Congo
0%
1 Africa Ethiopia
0%
1 Africa Gabon
0%
1 Europe Hungary
0%
2 Africa Liberia
0%
1 Africa Malawi
0%
1 Africa Mali
0%
1 Africa Mauritius
0%
1 Africa Namibia
0%
1 Asia Pakistan
0%
1 Africa Rwanda
0%
3 Africa São Tomé and Príncipe
0%
2 Africa Senegal
0%
1 Africa Togo
0%
2 Africa Tunisia
0%
1 Europe Vatican City
0%
No matching quizzes found
Score Distribution
Percent of People with Each Score
Percentile by Number Answered
Your Score History
You have not taken this quiz since the last reset